| 000 | 01340cam a2200325I 4500 | ||
|---|---|---|---|
| 001 | proofreadingcopy00lask | ||
| 003 | CaSfIA | ||
| 005 | 20210118212523.0 | ||
| 007 | cr|||| | ||
| 008 | 750827s1949 nyua 000 0 eng | ||
| 010 | _a 54002087 | ||
| 040 |
_aDLC _cFBA _dSER _dMAR _dCaSfIA |
||
| 019 | _a1807244 | ||
| 035 |
_a(OCoLC)1576901 _z(OCoLC)1807244 |
||
| 050 | 0 | 4 |
_aZ253 _b.L35 1949 |
| 082 | _a655.25 | ||
| 100 | 1 | _aLasky, Joseph. | |
| 245 | 1 | 0 |
_aProofreading and copy-preparation; _h[electronic resource] _ba textbook for the graphic arts industry. |
| 250 | _a3d ed., rev. | ||
| 260 |
_aNew York, _bMentor Press, _c1949. |
||
| 300 |
_a656 p. _billus. _c24 cm. |
||
| 650 | 0 | _aProofreading. | |
| 856 | 4 | 1 |
_uhttp://www.archive.org/details/proofreadingcopy00lask _zFree eBook from the Internet Archive |
| 856 | 4 | 2 |
_uhttp://www.openlibrary.org/books/OL6150567M _zAdditional information and access via Open Library |
| 029 | 1 |
_aAU@ _b000008082937 |
|
| 029 | 1 |
_aAU@ _b000027925932 |
|
| 942 | _cEB | ||
| 506 | _fНеобхідна авторизація на https://archive.org/ (створення облікового запису безкоштовно) | ||
| 506 | _fНеобхідна авторизація на https://openlibrary.org/ (створення облікового запису безкоштовно) | ||
| 999 |
_c539824 _d539824 |
||